Deuteronomy. (Record no. 356)

MARC details
000 -LEADER
fixed length control field 00712nam a22002411 4500
001 - CONTROL NUMBER
control field 70001070
003 - CONTROL NUMBER IDENTIFIER
control field DLC
005 - DATE AND TIME OF LATEST TRANSACTION
control field 20200129130613.0
008 - FIXED-LENGTH DATA ELEMENTS--GENERAL INFORMATION
fixed length control field 700302s1968 mouab b 00000 eng
010 ## - LIBRARY OF CONGRESS CONTROL NUMBER
LC control number 70001070
040 ## - CATALOGING SOURCE
Original cataloging agency DLC
Transcribing agency DLC
Modifying agency DLC
050 00 - LIBRARY OF CONGRESS CALL NUMBER
Classification number BS1275.5
Item number .O2
082 00 - DEWEY DECIMAL CLASSIFICATION NUMBER
Classification number 222/.15/007
100 10 - MAIN ENTRY--PERSONAL NAME
Personal name Oberst, Bruce.
245 00 - TITLE STATEMENT
Title Deuteronomy.
Statement of responsibility, etc. Thought questions, by Don DeWelt. Summary by Adam Clarke.
260 0# - PUBLICATION, DISTRIBUTION, ETC.
Place of publication, distribution, etc. Joplin, Mo.,
Name of publisher, distributor, etc. College Press
Date of publication, distribution, etc. [1968]
300 ## - PHYSICAL DESCRIPTION
Extent viii, 452 p.
Other physical details illus., maps.
Dimensions 22 cm.
350 ## - PRICE (NR) (BK AM CF MU VM SE) [OBSOLETE]
Price 5.95
490 0# - SERIES STATEMENT
Series statement Bible study textbook series
504 ## - BIBLIOGRAPHY, ETC. NOTE
Bibliography, etc. note Bibliography: p. 449-452.
630 #0 - SUBJECT ADDED ENTRY--UNIFORM TITLE
Uniform title Bible. O.T. Deuteronomy
General subdivision Study
-- Outlines, syllabi, etc.
942 ## - ADDED ENTRY ELEMENTS (KOHA)
Koha item type Mixed Materials
Holdings
Withdrawn status Lost status Damaged status Not for loan Collection Home library Current library Shelving location Date acquired Barcode Date last seen Price effective from Koha item type
        Reference Centerville Centerville General stacks 09/04/2014 39999000015430 09/04/2014 09/04/2014 Books
        Reference Centerville Centerville General stacks 09/04/2014 39999000015454 09/04/2014 09/04/2014 Books
        Reference Midway Midway General stacks 09/04/2014 39999000015416 09/04/2014 09/04/2014 Books
        Reference Midway Midway General stacks 09/04/2014 39999000015478 09/04/2014 09/04/2014 Books